00788cam a2200241 a 450000100100000000500170001000800410002702000150006804000290008308200180011210000330013024500440016326000450020730000210025249000140027365000280028765000310031583000210034691000340036704900090040195201210041099900150053100000771720200929154255.0950208s1993 sp 000 f spa  a8479790741 aDO-SdBNPbspacLCdBNPHU a863.64bT264g1 aTeira Cubel, Félix.92138910aGusanos de seda /cFélix Teira Cubel. aMadrid :bAnaya ;bMario Muchnik,c1993. a248 p. ;c22 cm.1 aAnalectas 4aNovela española91123 4aLiteratura española9632 0aAnalectas921390 aCatalogación por copia / LC aBNGR 001052708MOaGRbGRcCTd2009-09-10iLF1l0o863.64 T264gp7717-10r2020-06-25w2020-06-25y2ZPréstamo interno c7495d7495